000 00386nam a2200145 i 4500
001 bg
100 1 _aMATCZYŃSKI, H.
245 0 _aCałka J i siły uogólnione działające na szczelinę /
_cH. Matczyński, M. Sokołowski.
260 _aWarszawa,
_c1980.
700 1 _aSOKOŁOWSKI, M.
040 _cBPK
041 _apol
942 _cKS
008 s pl f |000 0 pol
999 _c20877
_d20877
856 _uhttp://koha.tu.koszalin.pl/cgi-bin/koha/opac-detail.pl?biblionumber=20877
_yKatalog online BPK